|
|
|
|
| LEADER |
00000nam a2200000 a 4500 |
| 001 |
vtls001335318 |
| 003 |
SK-MaSNL |
| 005 |
20260301200523.0 |
| 008 |
240314s1989 xx 0 und |
| 035 |
|
|
|a SNK000288288
|
| 040 |
|
|
|a SNK
|b slo
|c SNK
|e AACR2
|
| 100 |
1 |
|
|a Tichý, Aleš,
|d 1931-1988
|4 aut
|9 126006
|
| 245 |
1 |
0 |
|a Dějiny anglické literatury od počátků do poloviny 17. století
|b Část první - Středověk
|
| 260 |
|
|
|a Praha
|b Státní pedagogické nakladatelství
|c 1989
|
| 300 |
|
|
|a 99 s.
|
| 958 |
|
|
|a OND
|
| 999 |
|
|
|c 890841
|d 892771
|
| 952 |
|
|
|a SNK
|b SNK
|y VYP
|7 0
|p 17A0603422
|o snkIB 62580/1
|i snkKIP 8125/89
|3 rekatalogizácia
|0 0
|1 0
|4 0
|d 2008-10-17
|l 0
|r 2026-02-24 06:43:37
|w 2026-02-24
|
| 952 |
|
|
|a SNK
|b SNK
|y VYP
|7 0
|p 17A0145649
|o snkIB 62580/1 D1
|i snkKIP 8126/89
|0 0
|1 1
|4 0
|d 1998-06-25
|l 0
|r 2005-01-02 00:00:00
|w 2026-02-24
|